[Event "15th European Club Cup Women"]
[Site "Plovdiv BUL"]
[Date "2010.10.18"]
[Round "2"]
[White "Almer, Julia"]
[Black "Fominykh, Maria"]
[Result "1/2-1/2"]
[BlackTitle "WIM"]
[WhiteElo "1908"]
[BlackElo "2305"]
[Board "4.4"]
[WhiteTeam "Oslo Schakselkap"]
[BlackTeam "Giprorechtrans"]
[WhiteFideId "1708848"]
[BlackFideId "4142411"]
[EventDate "2010.10.17"]
[EventType "team"]

1. e4 d6 2. d4 g6 3. Nc3 Bg7 4. Nf3 a6 5. a4 Nf6 6. Be2 O-O 7. O-O Nc6 8. h3 d5
9. e5 Ne4 10. Bd3 Bf5 11. Re1 Nxc3 12. bxc3 Qd7 13. Ba3 Rfe8 14. Qe2 Bxd3 15.
cxd3 e6 16. Nh2 Qd8 17. Qg4 Ne7 18. Bxe7 Qxe7 19. Qf4 h5 20. Nf3 b5 21. Reb1 c6
22. g4 hxg4 23. hxg4 f6 24. Kg2 Rf8 25. Qg3 fxe5 26. dxe5 Rf7 27. Rh1 Raf8 28.
Qh3 Rf4 29. axb5 axb5 30. Ra2 c5 31. Nh4 Qg5 32. f3 Bh6 33. Ra7 R4f7 34. Rha1
Qd2+ 35. Kh1 Rxa7 36. Rxa7 Qe1+ 37. Kg2 Qe2+ 38. Kh1 Qe1+ 39. Kg2 Qd2+ 40. Kh1
Qd1+ 41. Kg2 Qe2+ 42. Kh1 Qe1+ 43. Kg2 1/2-1/2

[Event "15th European Club Cup Women"]
[Site "Plovdiv BUL"]
[Date "2010.10.18"]
[Round "2"]
[White "Kononenko, Tatiana"]
[Black "Borsuk, Angela"]
[Result "1/2-1/2"]
[WhiteTitle "IM"]
[BlackTitle "IM"]
[WhiteElo "2384"]
[BlackElo "2270"]
[Board "5.1"]
[WhiteTeam "USV Volksbank Halle"]
[BlackTeam "Ashdod Elite CC"]
[WhiteFideId "14102358"]
[BlackFideId "2806452"]
[EventDate "2010.10.17"]
[EventType "team"]

1. d4 d6 2. c4 e5 3. d5 f5 4. e4 Nf6 5. exf5 Bxf5 6. Nc3 Be7 7. Nge2 O-O 8. Ng3
Bg6 9. Bd3 Qe8 10. O-O Na6 11. a3 c6 12. b4 Nc7 13. dxc6 bxc6 14. f4 Nd7 15. Be4
Bxe4 16. Ngxe4 Qg6 17. Ra2 Qe6 18. fxe5 Nxe5 19. Bg5 Rxf1+ 20. Qxf1 Rf8 21. Rf2
Rxf2 22. Qxf2 1/2-1/2

[Event "15th European Club Cup Women"]
[Site "Plovdiv BUL"]
[Date "2010.10.18"]
[Round "2"]
[White "Vasiliev, Olga"]
[Black "Sharevich, Anna"]
[Result "0-1"]
[WhiteTitle "WIM"]
[BlackTitle "WGM"]
[WhiteElo "2293"]
[BlackElo "2283"]
[Board "5.2"]
[WhiteTeam "Ashdod Elite CC"]
[BlackTeam "USV Volksbank Halle"]
[WhiteFideId "2807602"]
[BlackFideId "13503189"]
[EventDate "2010.10.17"]
[EventType "team"]

1. e4 c5 2. Nf3 e6 3. d4 cxd4 4. Nxd4 a6 5. Bd3 Bc5 6. Nb3 Ba7 7. O-O Nc6 8. Qe2
d6 9. c4 e5 10. Nc3 Nf6 11. Be3 Be6 12. Rad1 O-O 13. Nd5 Nd7 14. Bxa7 Rxa7 15.
f4 exf4 16. Rxf4 Nde5 17. c5 Qg5 18. Qf2 Ng6 19. Rf3 Nce5 20. Rf5 Bxf5 21. exf5
Nh4 22. Be2 dxc5 23. Nxc5 b6 24. Ne4 Qxf5 25. Qxh4 Ng6 26. Nef6+ gxf6 27. Nxf6+
Kg7 28. Nh5+ Kh8 29. Qd4+ Qe5 30. Qxb6 Re7 31. Qf2 f6 32. Bf3 Qg5 33. Ng3 Nh4
34. b3 Nxf3+ 35. Qxf3 Re3 36. Qf2 Rfe8 37. Rf1 R8e6 38. Qc2 Re1 39. Qc8+ Re8 40.
Qc3 Rxf1+ 41. Kxf1 Qb5+ 42. Kg1 Qb6+ 43. Kf1 Qe6 44. Qd2 Qe5 45. Kf2 f5 46. Ne2
Qxh2 47. Ng3 Qh4 48. Qc3+ Kg8 49. Qc4+ Qxc4 50. bxc4 Re5 51. Kf3 Kf7 52. Ne2 Rc5
53. Ke3 Rxc4 54. Kd3 Ra4 55. Nc3 Rg4 0-1

[Event "15th European Club Cup Women"]
[Site "Plovdiv BUL"]
[Date "2010.10.18"]
[Round "2"]
[White "Straub, Natalia"]
[Black "Tsifanskaya, Ludmila A"]
[Result "1/2-1/2"]
[WhiteTitle "WGM"]
[BlackTitle "WIM"]
[WhiteElo "2224"]
[BlackElo "2143"]
[Board "5.3"]
[WhiteTeam "USV Volksbank Halle"]
[BlackTeam "Ashdod Elite CC"]
[WhiteFideId "14102757"]
[BlackFideId "2802368"]
[EventDate "2010.10.17"]
[EventType "team"]

1. d4 d5 2. c4 dxc4 3. Nf3 Nf6 4. e3 b5 5. a4 b4 6. Bxc4 e6 7. Qe2 Bb7 8. O-O
Nbd7 9. Nbd2 c5 10. Nb3 Qc7 11. dxc5 Nxc5 12. Bb5+ Ncd7 13. Bd2 a6 14. Rfc1 Qb8
15. Bd3 Ng4 16. e4 Nde5 17. Nxe5 Nxe5 18. Bb1 Nc6 19. Be3 Bd6 20. h3 O-O 21. Nc5
Bxc5 22. Bxc5 Rd8 23. a5 Qf4 24. Be3 Qf6 25. Bb6 1/2-1/2

[Event "15th European Club Cup Women"]
[Site "Plovdiv BUL"]
[Date "2010.10.18"]
[Round "2"]
[White "Dotan, Valeria"]
[Black "Jahn, Constanze"]
[Result "1/2-1/2"]
[WhiteTitle "WFM"]
[BlackTitle "WIM"]
[WhiteElo "2104"]
[BlackElo "2152"]
[Board "5.4"]
[WhiteTeam "Ashdod Elite CC"]
[BlackTeam "USV Volksbank Halle"]
[WhiteFideId "2803607"]
[BlackFideId "4612450"]
[EventDate "2010.10.17"]
[EventType "team"]

1. d4 Nf6 2. c4 e6 3. Nf3 d5 4. Bg5 Be7 5. Nc3 O-O 6. e3 c6 7. Qc2 Nbd7 8. Bd3
dxc4 9. Bxc4 Nd5 10. Bxe7 Qxe7 11. O-O Nxc3 12. bxc3 b6 13. e4 Bb7 14. Rfe1 e5
15. a4 Rac8 16. Qd2 h6 17. Qe3 Kh8 18. Nd2 Rcd8 19. f4 exf4 20. Qxf4 Qg5 21.
Qxg5 hxg5 22. Re3 g6 23. Rae1 Kg7 24. e5 b5 25. axb5 Nb6 26. bxc6 Nxc4 27. Nxc4
Bxc6 28. Nd6 Rb8 29. c4 Rb2 30. d5 Bd7 31. Ra3 Ra8 32. Ra5 Rd2 33. Rc5 Rb8 34.
Ne4 Rc2 35. Rc7 Rbb2 36. Rxd7 Rxg2+ 37. Kf1 Rxh2 38. Kg1 1/2-1/2

[Event "15th European Club Cup Women"]
[Site "Plovdiv BUL"]
[Date "2010.10.18"]
[Round "2"]
[White "Fierro Baquero, Martha L."]
[Black "Borosova, Zuzana"]
[Result "1-0"]
[WhiteTitle "IM"]
[BlackTitle "WIM"]
[WhiteElo "2368"]
[BlackElo "2277"]
[Board "6.1"]
[WhiteTeam "CS Fischer Chieti"]
[BlackTeam "KSC Komarno"]
[WhiteFideId "3600270"]
[BlackFideId "14905779"]
[EventDate "2010.10.17"]
[EventType "team"]

1. e4 c6 2. d4 d5 3. exd5 cxd5 4. c4 Nf6 5. Nc3 Nc6 6. Nf3 Bg4 7. cxd5 Nxd5 8.
Qb3 Bxf3 9. gxf3 e6 10. Qxb7 Nxd4 11. Bb5+ Nxb5 12. Qc6+ Ke7 13. Qxb5 Nxc3 14.
Qc5+ Qd6 15. Qxc3 Qa6 16. Be3 Ke8 17. Rd1 Qb7 18. O-O Qxf3 19. Rd4 e5 20. Rc4 f6
21. Rc1 Be7 22. Qb3 Rd8 23. Rc7 Qg4+ 24. Kf1 Qh3+ 25. Ke1 Qf5 26. Qc4 Rd7 27.
Qc6 Qd3 28. Rc8+ Bd8 29. Rxd8+ Kxd8 30. Qc8+ Ke7 31. Qxh8 Qg6 32. Bc5+ Ke6 33.
Qg8+ Kf5 34. Kf1 Qh5 35. Qb3 Qxh2 36. Qf3+ Qf4 37. Qh3+ Kg6 38. Be3 Qf5 39.
Qxf5+ Kxf5 40. b4 Rb7 41. Rc4 h5 42. a4 g5 43. a5 a6 44. Bb6 h4 45. Kg2 g4 46.
Rc6 h3+ 47. Kh2 Kg5 48. Bd8 Rxb4 49. Rxf6 Rd4 50. Rf8+ Kg6 51. Bb6 Rd2 52. Ra8
Kh5 53. Rh8+ Kg6 54. Re8 Kf5 55. Ra8 Ke4 56. Rxa6 Kf3 57. Ra8 Ra2 58. Rf8+ Ke4
59. Rf6 Ra3 60. Bc7 Rc3 61. Bb8 Rc8 62. Ba7 Ra8 63. Bb6 Ra6 64. Kg3 Ra8 65. Rh6
Rf8 66. a6 Rg8 67. a7 Ra8 68. Rh7 Rf8 69. Rb7 Rf3+ 70. Kh2 1-0

[Event "15th European Club Cup Women"]
[Site "Plovdiv BUL"]
[Date "2010.10.18"]
[Round "2"]
[White "Edes, Zsofia"]
[Black "Zimina, Olga"]
[Result "0-1"]
[BlackTitle "IM"]
[WhiteElo "2065"]
[BlackElo "2334"]
[Board "6.2"]
[WhiteTeam "KSC Komarno"]
[BlackTeam "CS Fischer Chieti"]
[WhiteFideId "14912368"]
[BlackFideId "4132190"]
[EventDate "2010.10.17"]
[EventType "team"]

1. d4 d5 2. c4 e6 3. Nf3 c6 4. e3 Nf6 5. b3 Bb4+ 6. Nbd2 c5 7. dxc5 Bxc5 8. Be2
Nc6 9. Bb2 O-O 10. O-O Qe7 11. Ne5 Rd8 12. Qc2 Nb4 13. Qc1 a5 14. Ndf3 Ne4 15.
a3 Nc6 16. Bd3 Nxe5 17. Bxe5 b6 18. b4 axb4 19. axb4 Rxa1 20. Qxa1 Bxb4 21. Bxe4
dxe4 22. Bxg7 exf3 23. Bf6 Qc7 24. Bxd8 Qxd8 25. gxf3 Bb7 26. Qe5 Bd6 27. Rd1
Bxe5 28. Rxd8+ Kg7 29. f4 Bf6 30. Rb8 Ba6 31. Rxb6 Bxc4 32. e4 Bd3 33. Rb4 Be7
34. Rd4 Bb1 35. Kg2 Bc5 36. Rc4 Bd6 37. e5 Bf8 38. Kg3 Kg6 39. Rc7 Be4 40. Kg4
Ba3 41. h4 Bf5+ 42. Kg3 Bb2 43. Rb7 Bc3 44. Rc7 Be1 45. Rc1 Bb4 46. Rc4 Bf8 47.
Rc8 Bg7 48. Rc7 f6 49. Rc5 Bf8 50. Rc8 Ba3 51. Rg8+ Kf7 52. Ra8 Bb2 53. Ra5 Bd4
54. Kf3 Ke7 55. Kg3 Kd7 56. exf6 Bxf6 57. Ra7+ Ke8 58. Ra8+ Kf7 59. Ra7+ Kg6 60.
f3 Kh5 61. Ra8 Bxh4+ 62. Kg2 Kg6 63. Rg8+ Kf7 64. Ra8 Bf6 65. Ra7+ Kg6 66. Ra6
h5 67. Rc6 h4 68. Kh2 Bd4 69. Rc4 Be3 70. Ra4 Kf6 71. Kg2 Ke7 72. Kh2 Kd6 73.
Kg2 Kc5 74. Ra5+ Kb6 75. Rxf5 exf5 76. Kh3 Bf2 0-1

[Event "15th European Club Cup Women"]
[Site "Plovdiv BUL"]
[Date "2010.10.18"]
[Round "2"]
[White "De Rosa, Mariagrazia"]
[Black "Kral, Klaudia"]
[Result "1-0"]
[WhiteTitle "WFM"]
[WhiteElo "2073"]
[BlackElo "1806"]
[Board "6.3"]
[WhiteTeam "CS Fischer Chieti"]
[BlackTeam "KSC Komarno"]
[WhiteFideId "815136"]
[BlackFideId "14900084"]
[EventDate "2010.10.17"]
[EventType "team"]

1. e4 e5 2. Nf3 Nc6 3. Bb5 a6 4. Ba4 Nf6 5. O-O Be7 6. Re1 b5 7. Bb3 O-O 8. h3
Bb7 9. d3 d6 10. a3 Na5 11. Ba2 c5 12. Nc3 Nc6 13. Nd5 Nxd5 14. Bxd5 Qc7 15. c3
Nb8 16. Bxb7 Qxb7 17. Nh2 Nc6 18. Ng4 Qd7 19. Ne3 Bg5 20. Nf5 Bxc1 21. Qg4 1-0

[Event "15th European Club Cup Women"]
[Site "Plovdiv BUL"]
[Date "2010.10.18"]
[Round "2"]
[White "Kralova, Katarina"]
[Black "Di Primio, Eugenia"]
[Result "1-0"]
[WhiteElo "1861"]
[BlackElo "1984"]
[Board "6.4"]
[WhiteTeam "KSC Komarno"]
[BlackTeam "CS Fischer Chieti"]
[WhiteFideId "14927330"]
[BlackFideId "821942"]
[EventDate "2010.10.17"]
[EventType "team"]

1. d4 f5 2. c4 g6 3. Nc3 Nf6 4. Nf3 Bg7 5. e3 d6 6. Be2 O-O 7. Qc2 Nc6 8. a3 e5
9. d5 Nb8 10. b4 h6 11. Bb2 Nbd7 12. Rd1 a5 13. Nb5 Ne4 14. O-O g5 15. h3 Ndf6
16. c5 Bd7 17. c6 bxc6 18. dxc6 g4 19. Nxe5 Be6 20. Ng6 Re8 21. Nf4 Bf7 22. Bxf6
Bxf6 23. hxg4 axb4 24. axb4 fxg4 25. Bc4 Bg7 26. Bxf7+ Kxf7 27. Qc4+ Kf6 28.
Nd5+ Kg6 29. Nbxc7 Qh4 30. Nxe8 Rxe8 31. Nf4+ Kh7 32. Ne6 Be5 33. Qxe4+ Kh8 34.
Nf4 Rg8 35. g3 1-0

[Event "15th European Club Cup Women"]
[Site "Plovdiv BUL"]
[Date "2010.10.18"]
[Round "2"]
[White "Botvinnik, Irina"]
[Black "Nikolova, Adriana"]
[Result "1-0"]
[WhiteTitle "WFM"]
[BlackTitle "WIM"]
[WhiteElo "2216"]
[BlackElo "2295"]
[Board "7.1"]
[WhiteTeam "Herzliya Chess Club"]
[BlackTeam "Lokomotiv 2000"]
[WhiteFideId "2806088"]
[BlackFideId "2908689"]
[EventDate "2010.10.17"]
[EventType "team"]

1. c4 c5 2. Nc3 Nc6 3. g3 g6 4. Bg2 Bg7 5. a3 b6 6. b4 Bb7 7. Rb1 Qc8 8. bxc5
bxc5 9. Qa4 Nd8 10. Bxb7 Nxb7 11. Nf3 Nf6 12. O-O O-O 13. Bb2 Nd8 14. Nd5 Nxd5
15. cxd5 d6 16. Bxg7 Kxg7 17. d4 Qg4 18. Qc2 Rc8 19. dxc5 Rxc5 20. Qd3 Qh5 21.
Rfd1 f6 22. Rb4 Qh3 23. Qa6 Qd7 24. Ra4 Rc7 25. Nd4 Re8 26. Nb5 Rc2 27. Re4 f5
28. Re3 f4 29. Re4 fxg3 30. hxg3 Rc5 31. a4 Nf7 32. Qxa7 Qf5 33. Nxd6 Nxd6 34.
Rxe7+ Kh6 35. Rxh7+ Kg5 36. Qxc5 Rxe2 37. Qc1+ Kf6 38. Qc3+ Re5 39. f4 1-0

[Event "15th European Club Cup Women"]
[Site "Plovdiv BUL"]
[Date "2010.10.18"]
[Round "2"]
[White "Videnova, Iva"]
[Black "Len, Irina"]
[Result "1-0"]
[WhiteTitle "WIM"]
[WhiteElo "2283"]
[BlackElo "2065"]
[Board "7.2"]
[WhiteTeam "Lokomotiv 2000"]
[BlackTeam "Herzliya Chess Club"]
[WhiteFideId "2907763"]
[BlackFideId "2805715"]
[EventDate "2010.10.17"]
[EventType "team"]

1. e4 d5 2. exd5 Nf6 3. Bb5+ Bd7 4. Bc4 Bg4 5. f3 Bh5 6. Nc3 c6 7. dxc6 Nxc6 8.
Nge2 e5 9. O-O Be7 10. d3 O-O 11. a3 a6 12. Kh1 b5 13. Ba2 Qd7 14. Ng3 Bg6 15.
Nge4 Nd4 16. Nxf6+ Bxf6 17. Nd5 Bd8 18. c3 Ne6 19. Be3 Kh8 20. Qe2 Re8 21. Rad1
f5 22. Qf2 f4 23. Bb6 Qc6 24. Rfe1 Bf6 25. Ba5 Nc5 26. Nb4 Qd6 27. Bd5 Rac8 28.
d4 exd4 29. Rxe8+ Rxe8 30. cxd4 Ne6 31. h3 h6 32. Bc6 Rc8 33. d5 Ng5 34. Re1 Kh7
35. Nxa6 Rxc6 36. dxc6 Qxc6 37. Nb4 Qa8 38. Bc7 Bh5 39. Bxf4 Nf7 40. Qe2 Qb7 41.
Nd3 Bg6 42. Ne5 Bxe5 43. Bxe5 Qd7 44. Kh2 h5 45. g4 hxg4 46. hxg4 Qd5 47. Kg3
Kg8 48. Bf4 Nd8 49. Rd1 Qa8 50. Qxb5 Bf7 51. Qb8 1-0

[Event "15th European Club Cup Women"]
[Site "Plovdiv BUL"]
[Date "2010.10.18"]
[Round "2"]
[White "Yakovleva, Tatiana"]
[Black "Sirkova, Darena"]
[Result "1-0"]
[WhiteElo "2124"]
[BlackElo "2094"]
[Board "7.3"]
[WhiteTeam "Herzliya Chess Club"]
[BlackTeam "Lokomotiv 2000"]
[WhiteFideId "2802449"]
[BlackFideId "2910560"]
[EventDate "2010.10.17"]
[EventType "team"]

1. d4 d5 2. c4 dxc4 3. Nc3 c6 4. a4 Nf6 5. e3 Be6 6. Nf3 g6 7. Ne5 Bg7 8. Bxc4
Bxc4 9. Nxc4 O-O 10. O-O e6 11. b3 c5 12. Ba3 Na6 13. Rc1 b6 14. Ne5 Re8 15. Nb5
Ne4 16. Nf3 cxd4 17. Nfxd4 Qd7 18. f3 Nec5 19. b4 Nb7 20. Qb3 e5 21. Nc6 Nd8 22.
Rfd1 Qe6 23. Qxe6 Nxe6 24. Nd6 Rf8 25. Rd2 Nac7 26. Rdd1 Na6 27. Nb5 Nd8 28.
Ncxa7 Kh8 29. Rd7 Rb8 30. Rdd1 Bh6 31. Kf2 Rg8 32. Rc8 Bg5 33. Bb2 Ne6 1-0

[Event "15th European Club Cup Women"]
[Site "Plovdiv BUL"]
[Date "2010.10.18"]
[Round "2"]
[White "Janeva, Mariya"]
[Black "Lian, Marina"]
[Result "1-0"]
[WhiteElo "2042"]
[BlackElo "1865"]
[Board "7.4"]
[WhiteTeam "Lokomotiv 2000"]
[BlackTeam "Herzliya Chess Club"]
[WhiteFideId "2906554"]
[BlackFideId "2809680"]
[EventDate "2010.10.17"]
[EventType "team"]

1. e4 e6 2. d4 d5 3. e5 c5 4. c3 Qb6 5. Nf3 Bd7 6. Be2 Bb5 7. O-O Nc6 8. Bxb5
Qxb5 9. Na3 Qb6 10. Nc2 Nh6 11. Ne3 cxd4 12. cxd4 Be7 13. a3 a5 14. b3 f5 15.
exf6 Bxf6 16. Bb2 O-O 17. Re1 Rae8 18. h3 Kh8 19. Ng4 Nxg4 20. hxg4 h6 21. Re3
Qc7 22. Qe2 Qf4 23. Ne5 Nxe5 24. dxe5 Be7 25. g3 Qg5 26. f4 Qg6 27. Rc1 Rc8 28.
Rec3 Rxc3 29. Rxc3 b6 30. Rc6 Bc5+ 31. Kg2 Qb1 32. Rxe6 Qg1+ 33. Kf3 Qh1+ 34.
Qg2 Qd1+ 35. Qe2 Qxb3+ 36. Kg2 d4 37. f5 d3 38. Qd2 Qd5+ 39. Kh2 h5 40. Rh6+ Kg8
41. Rxh5 Be3 42. Qxe3 d2 43. e6 Qh1+ 44. Kxh1 d1=Q+ 45. Kg2 Qc2+ 46. Kh3 Qxb2
47. e7 1-0

[Event "15th European Club Cup Women"]
[Site "Plovdiv BUL"]
[Date "2010.10.19"]
[Round "3"]
[White "Pogonina, Natalija"]
[Black "Zaiatz, Elena"]
[Result "1/2-1/2"]
[WhiteTitle "WGM"]
[BlackTitle "IM"]
[WhiteElo "2491"]
[BlackElo "2407"]
[Board "1.3"]
[WhiteTeam "AVS"]
[BlackTeam "Giprorechtrans"]
[WhiteFideId "4147855"]
[BlackFideId "4139518"]
[EventDate "2010.10.17"]
[EventType "team"]

1. e4 e5 2. Nf3 Nc6 3. Bb5 a6 4. Ba4 Nf6 5. O-O Nxe4 6. d4 b5 7. Bb3 d5 8. dxe5
Be6 9. Nbd2 Be7 10. c3 O-O 11. Bc2 f5 12. Nb3 Qd7 13. Nbd4 Nxd4 14. Nxd4 c5 15.
Nxe6 Qxe6 16. f3 Ng5 17. Bxg5 Bxg5 18. f4 Be7 19. Qf3 Rad8 20. Rad1 g6 21. Kh1
c4 22. Rd2 Rd7 23. Rfd1 Rfd8 24. Qe3 a5 25. h3 Kh8 26. Kh2 Bf8 27. Rf1 Rc7 28.
Qf3 Bc5 29. Rfd1 Rcd7 30. b3 Kg7 31. Kh1 b4 32. bxc4 dxc4 33. Rxd7+ Rxd7 34.
cxb4 axb4 35. Rxd7+ Qxd7 36. Qd1 Qxd1+ 37. Bxd1 Bf2 38. Kh2 h5 39. g3 h4 40.
gxh4 Bxh4 41. Kg2 Kf7 42. Be2 c3 43. Bc4+ Ke7 44. Bb3 Be1 1/2-1/2

[Event "15th European Club Cup Women"]
[Site "Plovdiv BUL"]
[Date "2010.10.19"]
[Round "3"]
[White "Vasilevich, Irina"]
[Black "Muzychuk, Mariya"]
[Result "0-1"]
[WhiteTitle "IM"]
[BlackTitle "IM"]
[WhiteElo "2324"]
[BlackElo "2464"]
[Board "1.4"]
[WhiteTeam "Giprorechtrans"]
[BlackTeam "AVS"]
[WhiteFideId "4141296"]
[BlackFideId "14114550"]
[EventDate "2010.10.17"]
[EventType "team"]

1. e4 c5 2. Nf3 e6 3. c3 d5 4. exd5 Qxd5 5. d4 Nf6 6. Be3 cxd4 7. cxd4 Nc6 8.
Nc3 Qd8 9. Bd3 Be7 10. Rc1 O-O 11. Bb1 b6 12. Ne4 Nb4 13. Nxf6+ Bxf6 14. a3 Nd5
15. Qd3 g6 16. h4 Bb7 17. h5 Qd6 18. hxg6 hxg6 19. Rd1 Nf4 20. Bxf4 Qxf4 21. Qe3
Qg4 22. Rh3 Rfd8 23. Rg3 Qh5 24. Rh3 Qd5 25. Qf4 Bg7 26. Ng5 Qd7 27. Qh2 Bd5 28.
Rh7 Rac8 29. Bd3 Bb3 30. Bb5 Qc7 31. Rxg7+ Kxg7 32. Qh7+ Kf8 33. Qh8+ Ke7 34.
Qh4 Rd5 35. Nh7+ g5 36. Nxg5 Rxb5 37. Ne4+ Ke8 38. Nf6+ Kf8 39. Nh7+ Kg7 40. Rd3
Qc1+ 41. Ke2 Bc4 42. Qf6+ Kg8 0-1

[Event "15th European Club Cup Women"]
[Site "Plovdiv BUL"]
[Date "2010.10.19"]
[Round "3"]
[White "Harika, Dronavalli"]
[Black "Melia, Salome"]
[Result "1/2-1/2"]
[WhiteTitle "IM"]
[BlackTitle "IM"]
[WhiteElo "2515"]
[BlackElo "2439"]
[Board "2.2"]
[WhiteTeam "MIKA Yerevan"]
[BlackTeam "Samaia Tbilisi"]
[WhiteFideId "5015197"]
[BlackFideId "13602446"]
[EventDate "2010.10.17"]
[EventType "team"]

1. Nf3 Nf6 2. c4 e6 3. g3 d5 4. Bg2 Be7 5. d4 O-O 6. O-O dxc4 7. Qc2 a6 8. a4
Bd7 9. Qxc4 Bc6 10. Bf4 a5 11. Nc3 Na6 12. Rac1 Bd6 13. Bg5 h6 14. Bxf6 Qxf6 15.
e4 Qd8 16. Rfd1 Nb4 17. Qe2 Re8 18. Nd2 e5 19. d5 Bd7 20. Nc4 Qe7 21. Nb5 Bxb5
22. axb5 b6 23. Kh1 Qd7 24. Ne3 g6 25. h4 h5 26. Kh2 Bc5 27. Bh3 Qe7 28. Rc4 Rf8
29. Ra1 Rad8 30. Rc3 Bd4 31. Rc4 Bc5 32. Rc3 Bd4 33. Rc4 1/2-1/2

[Event "15th European Club Cup Women"]
[Site "Plovdiv BUL"]
[Date "2010.10.19"]
[Round "3"]
[White "Khurtsidze, Nino"]
[Black "Mkrtchian, Lilit"]
[Result "1-0"]
[WhiteTitle "IM"]
[BlackTitle "IM"]
[WhiteElo "2435"]
[BlackElo "2484"]
[Board "2.3"]
[WhiteTeam "Samaia Tbilisi"]
[BlackTeam "MIKA Yerevan"]
[WhiteFideId "13600320"]
[BlackFideId "13300601"]
[EventDate "2010.10.17"]
[EventType "team"]

1. d4 Nf6 2. c4 e6 3. Nf3 d5 4. Nc3 c6 5. e3 Nbd7 6. Bd3 dxc4 7. Bxc4 b5 8. Bd3
Bd6 9. e4 e5 10. Bg5 h6 11. Bh4 a6 12. O-O exd4 13. Nxd4 Qc7 14. Rc1 Bxh2+ 15.
Kh1 Bf4 16. Nd5 Nxd5 17. Rxc6 Qb8 18. Re6+ Kf8 19. exd5 fxe6 20. Nxe6+ Kg8 21.
Qh5 Qd6 22. Qg6 Be5 23. f4 Bxb2 24. f5 Nf8 25. Nxf8 Qxf8 26. f6 Qf7 27. fxg7
Qxg6 28. gxh8=Q+ Kxh8 29. Bxg6 Bg4 30. d6 Kg7 31. Be4 Rb8 32. Bd5 Be5 33. d7
Bxd7 34. Rf7+ Kg6 35. Rxd7 Rc8 36. g3 Rc3 37. Kg2 Rc2+ 38. Kh3 Re2 39. Ra7 1-0

[Event "15th European Club Cup Women"]
[Site "Plovdiv BUL"]
[Date "2010.10.19"]
[Round "3"]
[White "Galojan, Lilit"]
[Black "Khotenashvili, Bela"]
[Result "1-0"]
[WhiteTitle "IM"]
[BlackTitle "IM"]
[WhiteElo "2373"]
[BlackElo "2464"]
[Board "2.4"]
[WhiteTeam "MIKA Yerevan"]
[BlackTeam "Samaia Tbilisi"]
[WhiteFideId "13301314"]
[BlackFideId "13602640"]
[EventDate "2010.10.17"]
[EventType "team"]

1. d4 Nf6 2. c4 g6 3. Nc3 d5 4. Bf4 Bg7 5. e3 O-O 6. Rc1 Be6 7. Qb3 b6 8. Nf3 c5
9. dxc5 bxc5 10. Qb7 Qb6 11. Qxb6 axb6 12. Ng5 d4 13. exd4 cxd4 14. Nb5 Nh5 15.
Nxe6 fxe6 16. Bxb8 Raxb8 17. g3 Rbd8 18. Rd1 Rf5 19. Bd3 Re5+ 20. Kf1 Nf6 21.
Kg2 Nd7 22. Nxd4 Nc5 23. Bc2 Rxd4 24. Rxd4 Re2 25. Rd8+ Kf7 26. Rc1 Bxb2 27. Kf3
Rxf2+ 28. Kxf2 Bxc1 29. Rb8 Nd7 30. Rb7 Ne5 31. c5 bxc5 32. a4 Nc4 33. Ke2 Ba3
34. Kd3 Na5 35. Rb6 Bb4 36. Bd1 h5 37. g4 hxg4 38. Bxg4 c4+ 39. Kc2 Bd6 40. h3
e5 41. Rb5 Nc6 42. Kc3 Na7 43. Rb7 Bc5 44. Kxc4 Bf2 45. Kd5 Kf6 46. a5 Bd4 47.
a6 Bf2 48. Bd7 Bd4 49. Rb1 Be3 50. Rf1+ Bf4 51. Kc5 Kg5 52. Rxf4 exf4 53. Kb6 1-0

[Event "15th European Club Cup Women"]
[Site "Plovdiv BUL"]
[Date "2010.10.19"]
[Round "3"]
[White "Muzychuk, Anna"]
[Black "De Rosa, Mariagrazia"]
[Result "1/2-1/2"]
[WhiteTitle "IM"]
[BlackTitle "WFM"]
[WhiteElo "2535"]
[BlackElo "2073"]
[Board "3.3"]
[WhiteTeam "Cercle d'Echecs de Monte Carlo"]
[BlackTeam "CS Fischer Chieti"]
[WhiteFideId "14111330"]
[BlackFideId "815136"]
[EventDate "2010.10.17"]
[EventType "team"]

1. e4 c5 2. Nf3 d6 3. d4 cxd4 4. Nxd4 Nf6 5. Nc3 a6 6. Be3 e6 7. g4 h6 8. Bg2
Qc7 9. Qe2 Nc6 10. h3 Bd7 11. f4 Be7 12. O-O-O Rc8 13. Rhe1 b5 14. g5 hxg5 15.
fxg5 Nxd4 16. Rxd4 Nh5 17. e5 Ng3 18. Qf3 Nf5 19. g6 fxg6 20. Rg4 d5 21. Qd1 b4
22. Nxd5 exd5 23. e6 Ba4 24. b3 Qc3 25. Bf4 Qa1+ 26. Kd2 Qc3+ 27. Kc1 Qa1+ 28.
Kd2 Qc3+ 1/2-1/2

[Event "15th European Club Cup Women"]
[Site "Plovdiv BUL"]
[Date "2010.10.19"]
[Round "3"]
[White "Di Primio, Eugenia"]
[Black "Skripchenko, Almira"]
[Result "0-1"]
[BlackTitle "IM"]
[WhiteElo "1984"]
[BlackElo "2464"]
[Board "3.4"]
[WhiteTeam "CS Fischer Chieti"]
[BlackTeam "Cercle d'Echecs de Monte Carlo"]
[WhiteFideId "821942"]
[BlackFideId "13900145"]
[EventDate "2010.10.17"]
[EventType "team"]

1. e4 d6 2. d4 g6 3. Nc3 Bg7 4. Be3 a6 5. Qd2 b5 6. Be2 Bb7 7. f3 Nd7 8. O-O-O
Rc8 9. Nb1 c5 10. d5 Nb6 11. Qa5 Bxb2+ 0-1

[Event "15th European Club Cup Women"]
[Site "Plovdiv BUL"]
[Date "2010.10.19"]
[Round "3"]
[White "Bojkovic, Natasa"]
[Black "Kononenko, Tatiana"]
[Result "1/2-1/2"]
[WhiteTitle "IM"]
[BlackTitle "IM"]
[WhiteElo "2368"]
[BlackElo "2384"]
[Board "4.1"]
[WhiteTeam "BAS Beograd"]
[BlackTeam "USV Volksbank Halle"]
[WhiteFideId "908550"]
[BlackFideId "14102358"]
[EventDate "2010.10.17"]
[EventType "team"]

1. e4 e6 2. d4 d5 3. Nd2 c5 4. exd5 exd5 5. Ngf3 Nf6 6. Bb5+ Bd7 7. Bxd7+ Nbxd7
8. O-O Be7 9. dxc5 Nxc5 10. Re1 O-O 11. Nf1 a5 12. Be3 Re8 13. c3 a4 14. a3 Nb3
15. Rb1 Qd7 16. Qc2 Na5 17. Re2 Nc4 18. Rd1 Bd8 19. Qd3 Bb6 20. Bxb6 Rxe2 21.
Qxe2 Nxb6 22. Ne3 Re8 23. Qd3 h6 24. h3 Re4 25. Nd2 Re8 26. Nf3 Re4 27. Nd4 g6
28. Ndc2 Qe8 29. Nd4 Qd7 30. Ne2 Qe8 31. Nd4 Qd7 1/2-1/2